[Event "Alcorcon Diagonal op 2nd"]
[Site "Alcorcon"]
[Date "2023.12.26"]
[Round "1"]
[White "Perez Segoviano, Agustin"]
[Black "Ruiz Vazquez, Javier"]
[Result "0-1"]
[WhiteElo "1459"]
[BlackElo "2117"]
[PlyCount "70"]
[EventDate "2023.12.26"]
[EventType "swiss"]
[EventRounds "9"]
[EventCountry "ESP"]
[SourceTitle "CB01_2024"]
[SourceDate "2024.01.03"]
[SourceVersion "1"]
[SourceVersionDate "2024.01.03"]
[SourceQuality "1"]

1. c4 e6 2. g3 d5 3. Bg2 Nf6 4. e3 Be7 5. cxd5 exd5 6. Nf3 0-0 7. 0-0 c6 8. Nc3 Bg4 9. d4 Nbd7 10. Bd2 Ne4 11. Rc1 Ng5 12. h4 Ne4 13. Qc2 Nd6 14. b3 Re8 15. Rfe1 Bf5 16. Qd1 Bf8 17. Kh2 Nf6 18. Bh3 Ng4+ 19. Bxg4 Bxg4 20. Kg2 Qf6 21. Rc2 Qf5 22. Rb2 Re6 23. e4 dxe4 24. Nxe4 Nxe4 25. Re3 Rae8 26. Qc2 Qd5 27. Qc4 Nxd2 28. Qxd5 cxd5 29. Rxd2 Rxe3 30. fxe3 Rxe3 31. Ne5 Re2+ 32. Rxe2 Bxe2 33. Kf2 Bb5 34. Ke3 Bd6 35. Kf4 f6 0-1

[Event "Alcorcon Diagonal op 2nd"]
[Site "Alcorcon"]
[Date "2023.12.26"]
[Round "2"]
[White "Ruiz Vazquez, Javier"]
[Black "Burriel Ureta, Raul"]
[Result "0-1"]
[WhiteElo "2117"]
[BlackElo "1746"]
[PlyCount "72"]
[EventDate "2023.12.26"]
[EventType "swiss"]
[EventRounds "9"]
[EventCountry "ESP"]
[SourceTitle "CB01_2024"]
[SourceDate "2024.01.03"]
[SourceVersion "1"]
[SourceVersionDate "2024.01.03"]
[SourceQuality "1"]

1. e4 d6 2. d4 e5 3. Nf3 Nd7 4. Be3 Ngf6 5. Nc3 Be7 6. h3 0-0 7. Bc4 c6 8. a4 Qc7 9. Ba2 h6 10. Qd2 a6 11. a5 c5 12. dxe5 dxe5 13. Bc4 b5 14. axb6 Nxb6 15. Bd5 Bb7 16. Bxb7 Qxb7 17. Nxe5 Nxe4 18. Nxe4 Qxe4 19. Nf3 Nc4 20. Qc1 Bf6 21. c3 Rfe8 22. Ra4 Qd3 23. Ra2 Nxe3 24. fxe3 Rxe3+ 25. Kf2 Qe2+ 26. Kg1 Rd8 27. Ra1 Red3 28. Qf4 Qxb2 29. Rxa6 Qxc3 30. Ra2 Qb4 31. Qxb4 cxb4 32. Kf2 Ra3 33. Re2 b3 34. Rb1 b2 35. Nd2 Ra1 36. g3 Rxd2 0-1

[Event "Gijon RGCC op 7th"]
[Site "Gijon"]
[Date "2023.08.06"]
[Round "3"]
[White "Paton Alvarez, Ivan"]
[Black "Ruiz Vazquez, Javier"]
[Result "1/2-1/2"]
[WhiteElo "1981"]
[BlackElo "2145"]
[PlyCount "52"]
[EventDate "2023.08.05"]
[EventType "swiss"]
[EventRounds "9"]
[EventCountry "ESP"]
[SourceTitle "EXT 2024"]
[Source "ChessBase"]
[SourceDate "2023.10.10"]
[SourceVersion "1"]
[SourceVersionDate "2023.10.10"]
[SourceQuality "1"]

1. e4 c5 2. Nf3 d6 3. d4 cxd4 4. Nxd4 Nf6 5. Nc3 a6 6. h3 e5 7. Nb3 Be6 8. Be2 Nbd7 9. 0-0 Be7 10. Re1 b5 11. Nd5 Nxd5 12. exd5 Bf5 13. Be3 Nf6 14. c3 Qd7 15. Na5 Be4 16. c4 0-0 17. b3 Bg6 18. Nc6 bxc4 19. bxc4 Ne4 20. Bd3 f5 21. Bxe4 fxe4 22. Rc1 Bh4 23. c5 Rf5 24. cxd6 Qxd6 25. Bc5 Qd7 26. Rxe4 Bxf2+ 1/2-1/2

[Event "Madrid Alcorcon op 1st"]
[Site "Madrid"]
[Date "2022.12.28"]
[Round "6"]
[White "Lozano Argueso, Cesar"]
[Black "Ruiz Vazquez, Javier"]
[Result "0-1"]
[WhiteElo "1753"]
[BlackElo "2086"]
[PlyCount "73"]
[EventDate "2022.12.26"]
[EventType "swiss"]
[EventRounds "9"]
[EventCountry "ESP"]
[SourceTitle "CBM 212 Extra"]
[Source "ChessBase"]
[SourceDate "2023.03.31"]
[SourceVersion "1"]
[SourceVersionDate "2023.03.31"]
[SourceQuality "1"]

1. e4 c5 2. Nf3 d6 3. d4 cxd4 4. Nxd4 Nf6 5. Nc3 a6 6. Bg5 e6 7. f4 Be7 8. Qf3 Qc7 9. 0-0-0 Nbd7 10. g4 b5 11. Bxf6 Nxf6 12. g5 Nd7 13. f5 Bxg5+ 14. Kb1 0-0 15. h4 Ne5 16. Qg2 Bf6 17. Bd3 Qb6 18. Nce2 Rb8 19. fxe6 fxe6 20. Rhg1 Ng6 21. h5 Nf4 22. Nxf4 Qxd4 23. c3 Qe5 24. h6 Rb7 25. Rdf1 g6 26. Rf3 Kh8 27. Rgf1 Rg8 28. Nxe6 Bxe6 29. Rxf6 b4 30. c4 b3 31. a3 Rc7 32. Rf8 Bxc4 33. Bxc4 Rxc4 34. Ka1 Rc2 35. Rxg8+ Kxg8 36. Rf8+ Kxf8 37. Qf3+ 0-1

[Event "ESP-ch U16"]
[Site "Salobrena"]
[Date "2022.07.30"]
[Round "9"]
[White "Ruiz Vazquez, Javier"]
[Black "Bernado Lopez, Roger"]
[Result "1/2-1/2"]
[WhiteElo "1993"]
[BlackElo "2315"]
[PlyCount "211"]
[EventDate "2022.07.25"]
[EventType "swiss"]
[EventRounds "9"]
[EventCountry "ESP"]
[SourceTitle "EXT 2023"]
[Source "ChessBase"]
[SourceDate "2022.10.05"]
[SourceVersion "1"]
[SourceVersionDate "2022.10.05"]
[SourceQuality "1"]

1. e4 e5 2. Bc4 Bc5 3. Nc3 Nf6 4. d3 c6 5. Bg5 h6 6. Bh4 a5 7. a4 d6 8. Nge2 Nbd7 9. Qd2 Nf8 10. Bg3 Be6 11. Ba2 Bxa2 12. Nxa2 d5 13. exd5 cxd5 14. 0-0 Ng6 15. Kh1 0-0 16. Nac3 Bb4 17. d4 e4 18. h3 Rc8 19. Qd1 Nh5 20. Bh2 f5 21. Nb5 f4 22. f3 e3 23. c3 Be7 24. Qd3 Rc6 25. Rac1 Nh4 26. c4 Rg6 27. Rg1 Rf5 28. Rc2 Qd7 29. cxd5 Rfg5 30. Rc7 Qxd5 31. Nxf4 Nxf4 32. Bxf4 Rxg2 33. Rxg2 Qxf3 34. Qe2 Qxg2+ 35. Qxg2 Nxg2 36. Bxe3 Bb4 37. Bf2 Nf4 38. Be3 Nd5 39. Rc8+ Kf7 40. Bf2 Ke7 41. Rb8 b6 42. Rb7+ Ke6 43. Nc7+ Nxc7 44. Rxc7 Kd5 45. Rc2 Bd6 46. Rc3 Re6 47. Rc2 Rg6 48. Rc3 Rg5 49. Rc2 h5 50. Rc3 Rf5 51. Kg2 g5 52. Rf3 Bf4 53. Rb3 Bc7 54. Rf3 Rxf3 55. Kxf3 Bd8 56. b3 Bf6 57. Be3 Be7 58. Bf2 Bd8 59. Bg1 Bf6 60. Be3 g4+ 61. hxg4 hxg4+ 62. Kxg4 Ke4 63. Bd2 Be7 64. Bc3 Kd3 65. Bb2 Kc2 66. Ba1 Kxb3 67. Kf5 Kxa4 68. Ke6 Bd8 69. d5 Kb5 70. Bf6 Bc7 71. Be5 Bxe5 72. Kxe5 a4 73. d6 a3 74. d7 a2 75. d8Q a1Q+ 76. Ke4 Qe1+ 77. Kf3 Qc3+ 78. Kf2 Qc5+ 79. Ke1 Ka4 80. Qd1+ Ka5 81. Qa1+ Kb5 82. Ke2 Qc4+ 83. Kd2 Qb4+ 84. Kd3 Qc4+ 85. Kd2 Qd5+ 86. Kc2 Qc5+ 87. Kd3 Qf5+ 88. Kd2 Qf4+ 89. Kd3 Qd6+ 90. Kc2 Kc6 91. Qa8+ Kb5 92. Qa1 Qh2+ 93. Kd3 Qh7+ 94. Kd2 Qh6+ 95. Kd3 Qg6+ 96. Kd2 Qg2+ 97. Kd3 Qd5+ 98. Kc2 Qc6+ 99. Kd3 Qf3+ 100. Kd2 Qf4+ 101. Kd3 Qd6+ 102. Kc2 Kc5 103. Qa3+ Kc6 104. Qxd6+ Kxd6 105. Kd2 Kd5 106. Kd3 1/2-1/2

[Event "ESP-ch U16"]
[Site "Salobrena"]
[Date "2022.07.29"]
[Round "7"]
[White "Maldonado Mena, German"]
[Black "Ruiz Vazquez, Javier"]
[Result "1/2-1/2"]
[WhiteElo "2061"]
[BlackElo "1993"]
[PlyCount "77"]
[EventDate "2022.07.25"]
[EventType "swiss"]
[EventRounds "9"]
[EventCountry "ESP"]
[SourceTitle "EXT 2023"]
[Source "ChessBase"]
[SourceDate "2022.10.05"]
[SourceVersion "1"]
[SourceVersionDate "2022.10.05"]
[SourceQuality "1"]

1. d4 Nf6 2. c4 g6 3. Nc3 d5 4. cxd5 Nxd5 5. e4 Nxc3 6. bxc3 Bg7 7. Nf3 0-0 8. Rb1 c5 9. h3 Nc6 10. d5 Ne5 11. Nxe5 Bxe5 12. Qc2 e6 13. Bc4 Rb8 14. 0-0 b5 15. Rxb5 Rxb5 16. Bxb5 exd5 17. Bh6 Bg7 18. Bxg7 Kxg7 19. Qa4 dxe4 20. Qxa7 Qg5 21. Kh1 Rd8 22. Qc7 Be6 23. Bc6 e3 24. fxe3 Bxa2 25. Rf4 Kf8 26. c4 Qe7 27. Qxe7+ Kxe7 28. Bd5 f5 29. Rf2 Bb1 30. Rb2 Be4 31. Rb7+ Rd7 32. Rxd7+ Kxd7 33. Bxe4 fxe4 34. Kh2 Ke6 35. Kg3 Kf5 36. Kh4 h6 37. g4+ Ke5 38. Kg3 g5 39. Kf2 1/2-1/2

[Event "ESP-ch U16"]
[Site "Salobrena"]
[Date "2022.07.29"]
[Round "8"]
[White "Perez Travieso, Saul"]
[Black "Ruiz Vazquez, Javier"]
[Result "1/2-1/2"]
[WhiteElo "1866"]
[BlackElo "1993"]
[PlyCount "117"]
[EventDate "2022.07.25"]
[EventType "swiss"]
[EventRounds "9"]
[EventCountry "ESP"]
[SourceTitle "EXT 2023"]
[Source "ChessBase"]
[SourceDate "2022.10.05"]
[SourceVersion "1"]
[SourceVersionDate "2022.10.05"]
[SourceQuality "1"]

1. d4 Nf6 2. Nf3 g6 3. g3 Bg7 4. Bg2 0-0 5. b3 d6 6. Bb2 Nbd7 7. c4 c5 8. 0-0 Rb8 9. Nc3 a6 10. Qc2 b5 11. e3 bxc4 12. bxc4 Nb6 13. Qe2 Nxc4 14. Qxc4 Rxb2 15. dxc5 Qc7 16. c6 d5 17. Qa4 Rb6 18. Rac1 e5 19. Nd2 Be6 20. Nb3 Qxc6 21. Qxc6 Rxc6 22. Nxd5 Rxc1 23. Ne7+ Kh8 24. Rxc1 Re8 25. Rc7 Bf8 26. Nc6 Kg8 27. Ra7 Bc4 28. Nd2 Bxa2 29. Rxa6 Bd5 30. Nxe5 Rxe5 31. Rxf6 Be6 32. Rf4 Ra5 33. h3 Ra1+ 34. Kh2 Ra2 35. Rd4 Bc5 36. Rd8+ Kg7 37. Ne4 Be7 38. Rd2 Ra3 39. Bf3 f5 40. Nd6 Ra2 41. Rxa2 Bxa2 42. Nb5 Bc4 43. Nd4 Bc5 44. Nc2 Kf6 45. Ne1 Ke5 46. Bb7 g5 47. Nf3+ Kf6 48. Kg2 h5 49. Nd4 Ke5 50. f4+ gxf4 51. gxf4+ Kf6 52. Kg3 Bb4 53. Bf3 Be1+ 54. Kg2 h4 55. Be2 Bd5+ 56. Kf1 Bg3 57. Bd3 Be6 58. Ne2 Bd5 59. Kg1 1/2-1/2

[Event "ESP-ch U16"]
[Site "Salobrena"]
[Date "2022.07.26"]
[Round "3"]
[White "Ruiz Vazquez, Javier"]
[Black "Vesga Izeta, Markel"]
[Result "1/2-1/2"]
[WhiteElo "1993"]
[BlackElo "2143"]
[PlyCount "96"]
[EventDate "2022.07.25"]
[EventType "swiss"]
[EventRounds "9"]
[EventCountry "ESP"]
[SourceTitle "EXT 2023"]
[Source "ChessBase"]
[SourceDate "2022.10.05"]
[SourceVersion "1"]
[SourceVersionDate "2022.10.05"]
[SourceQuality "1"]

1. e4 c5 2. Nf3 Nc6 3. d4 cxd4 4. Nxd4 g6 5. c4 Nf6 6. Nc3 d6 7. Be2 Nxd4 8. Qxd4 Bg7 9. Be3 0-0 10. Qd2 a5 11. 0-0 Bd7 12. f3 Bc6 13. Rfd1 Nd7 14. Rab1 Nc5 15. Nd5 e6 16. Nc3 Be5 17. Qe1 Qe7 18. Nb5 Rfd8 19. Qf2 f5 20. exf5 gxf5 21. Bd4 Bxd4 22. Nxd4 Be8 23. Bf1 Qf6 24. Nb5 Bxb5 25. cxb5 Kh8 26. Rd2 Rac8 27. b4 axb4 28. Rxb4 b6 29. Qh4 Qxh4 30. Rxh4 d5 31. Kf2 Kg7 32. Rhd4 Rd7 33. g4 fxg4 34. Rxg4+ Kf6 35. Bh3 Ra8 36. Rf4+ Ke5 37. Rh4 Rf7 38. Rh5+ Kd6 39. Kg2 Ra5 40. Re2 d4 41. Rh4 d3 42. Rd4+ Ke7 43. Rb2 e5 44. Rd5 Rg7+ 45. Kf2 e4 46. fxe4 Nxe4+ 47. Ke3 Nc5 48. Bf1 Ke6 1/2-1/2

[Event "Madrid-ch sf"]
[Site "Madrid"]
[Date "2022.05.08"]
[Round "5"]
[White "Ruiz Vazquez, Javier"]
[Black "Rodriguez Melendez, Juan Humbert"]
[Result "1/2-1/2"]
[WhiteElo "1960"]
[BlackElo "2098"]
[PlyCount "213"]
[EventDate "2022.05.04"]
[EventType "swiss"]
[EventRounds "9"]
[EventCountry "ESP"]
[SourceTitle "EXT 2023"]
[Source "ChessBase"]
[SourceDate "2022.10.05"]
[SourceVersion "1"]
[SourceVersionDate "2022.10.05"]
[SourceQuality "1"]

1. e4 c5 2. Nf3 d6 3. d4 cxd4 4. Nxd4 Nf6 5. Nc3 a6 6. f3 e5 7. Nb3 Be6 8. Be3 h5 9. Qd2 Nbd7 10. 0-0-0 Be7 11. Nd5 Nxd5 12. exd5 Bf5 13. Bd3 Bxd3 14. Qxd3 Rc8 15. Kb1 Qc7 16. c3 Qc4 17. Qc2 Nf6 18. Bg5 0-0 19. Nd2 Qc7 20. Bxf6 Bxf6 21. Qf5 b5 22. Qxh5 Be7 23. Qf5 a5 24. Qd3 Qb7 25. g4 Rc7 26. h4 Rfc8 27. g5 Rc5 28. Nb3 R5c7 29. Nxa5 Qb6 30. Nc6 Ra8 31. Nb4 Rc4 32. a3 Rf4 33. Rd2 Qb7 34. Rg2 Qd7 35. Nc6 f5 36. h5 Bf8 37. h6 g6 38. Qe3 Kh7 39. Rd1 Be7 40. Re1 Bd8 41. Ree2 Qb7 42. Re1 Bb6 43. Qxf4 exf4 44. Re7+ Qxe7 45. Nxe7 Re8 46. Nc6 Re3 47. Kc2 Rxf3 48. Re2 Be3 49. Nd4 Rg3 50. Kd3 Bg1+ 51. Kd2 Rxg5 52. Re7+ Kxh6 53. Ne6 Rg2+ 54. Ke1 Bh2 55. Re8 Kh5 56. Rh8+ Kg4 57. Kf1 Rxb2 58. Rh6 Kf3 59. Nd4+ Ke3 60. Rxg6 Rb1+ 61. Kg2 Rb2+ 62. Kf1 f3 63. Nxf5+ Kf4 64. Nxd6 Bg3 65. Rf6+ Kg4 66. Rg6+ Kh3 67. Rh6+ Bh4 68. Rxh4+ Kxh4 69. Ne4 Re2 70. d6 Re3 71. Kf2 Rd3 72. Nc5 Rxd6 73. Kxf3 Rc6 74. Ne4 Ra6 75. Kf4 Rxa3 76. Kf5 Kh3 77. Kf4 Kg2 78. Ke3 b4 79. Kd4 b3 80. Nd2 b2 81. Kd3 Ra2 82. Nb1 Kf3 83. Kc2 Ke4 84. Nd2+ Kd5 85. Kb1 Ra1+ 86. Kxb2 Rh1 87. Kc2 Rh2 88. Kd3 Kc5 89. Ne4+ Kb5 90. Kd4 Rh1 91. c4+ Kb4 92. Nf2 Rh4+ 93. Ne4 Rh8 94. Nf6 Rh4+ 95. Ne4 Rg4 96. c5 Rh4 97. Kd5 Rh5+ 98. Kd6 Kb5 99. Nc3+ Ka6 100. c6 Rh6+ 101. Kd7 Rh7+ 102. Kd6 Ka7 103. Nd5 Kb8 104. c7+ Kb7 105. Ne7 Rxe7 106. c8Q+ Kxc8 107. Kxe7 1/2-1/2

[Event "Madrid-ch sf"]
[Site "Madrid"]
[Date "2022.05.04"]
[Round "1"]
[White "Ruiz Vazquez, Javier"]
[Black "Torres Bosch, Jose Francisco"]
[Result "1-0"]
[WhiteElo "1960"]
[BlackElo "2134"]
[PlyCount "67"]
[EventDate "2022.05.04"]
[EventType "swiss"]
[EventRounds "9"]
[EventCountry "ESP"]
[SourceTitle "EXT 2023"]
[Source "ChessBase"]
[SourceDate "2022.10.05"]
[SourceVersion "1"]
[SourceVersionDate "2022.10.05"]
[SourceQuality "1"]

1. e4 c5 2. Nf3 d6 3. d4 cxd4 4. Nxd4 Nf6 5. Nc3 a6 6. Bc4 e6 7. Bb3 Nbd7 8. 0-0 Nc5 9. Qe2 Be7 10. f4 0-0 11. Kh1 Qc7 12. e5 Nxb3 13. axb3 Nd7 14. Ndb5 Qb8 15. exd6 Bd8 16. f5 exf5 17. Nc7 Bxc7 18. dxc7 Qxc7 19. Nd5 Qe5 20. Qf3 Nf6 21. Nb6 Be6 22. Bf4 Qxb2 23. Nxa8 Bd5 24. Qe2 Re8 25. Qd2 Be4 26. Nc7 Rc8 27. Rfc1 h6 28. Rab1 Qa2 29. Be5 Qa3 30. Bxf6 gxf6 31. Qd7 Qf8 32. Nd5 Kg7 33. Nf4 Rd8 34. Ne6+ 1-0

[Event "Madrid-ch U16"]
[Site "Madrid"]
[Date "2022.04.03"]
[Round "2"]
[White "Rodriguez Avila, Alvaro"]
[Black "Ruiz Vazquez, Javier"]
[Result "1-0"]
[WhiteElo "1987"]
[BlackElo "1859"]
[PlyCount "121"]
[EventDate "2022.04.02"]
[EventType "swiss"]
[EventRounds "6"]
[EventCountry "ESP"]
[SourceTitle "EXT 2024"]
[Source "ChessBase"]
[SourceDate "2023.10.10"]
[SourceVersion "1"]
[SourceVersionDate "2023.10.10"]
[SourceQuality "1"]

1. e4 g6 2. d4 Bg7 3. Nc3 d6 4. f4 c6 5. Nf3 b5 6. a3 Bg4 7. Be2 Nf6 8. 0-0 0-0 9. Be3 a5 10. e5 Ne8 11. h3 Bc8 12. d5 dxe5 13. fxe5 Bb7 14. e6 fxe6 15. dxc6 Nxc6 16. Bxb5 Nd6 17. Qe2 Nf5 18. Rad1 Ng3 19. Qc4 Qc8 20. Rfe1 Nf5 21. Bb6 Nd6 22. Rxd6 exd6 23. Rxe6 Kh8 24. Rxd6 Ne7 25. Ng5 Qxc4 26. Bxc4 Rac8 27. Bb3 Bf6 28. Nf7+ Rxf7 29. Bxf7 Kg7 30. Bb3 Bc6 31. Bd4 Bxd4+ 32. Rxd4 Nf5 33. Rd3 Re8 34. Bd5 Bxd5 35. Rxd5 Re1+ 36. Kf2 Rc1 37. Rd2 Kf6 38. Nd5+ Ke5 39. Ne3 Nd6 40. Rd5+ Ke6 41. Rxa5 Ne4+ 42. Kf3 Nd2+ 43. Ke2 Ne4 44. Ra7 Ng3+ 45. Kf3 Nf5 46. Nxf5 gxf5 47. Rc7 Rf1+ 48. Ke2 Rg1 49. Kf2 Rb1 50. b3 Ra1 51. a4 Rd1 52. a5 Rd2+ 53. Kf3 Rd6 54. b4 Rd4 55. c3 Rd3+ 56. Ke2 Rg3 57. Kf2 Rd3 58. a6 Rd2+ 59. Kg3 Ke5 60. Re7+ Kf6 61. a7 1-0

[Event "Madrid-ch Previa-B"]
[Site "Madrid"]
[Date "2022.03.26"]
[Round "9"]
[White "Portero Rubio, Martin"]
[Black "Ruiz Vazquez, Javier"]
[Result "1-0"]
[WhiteElo "1846"]
[BlackElo "1725"]
[PlyCount "117"]
[EventDate "2022.03.03"]
[EventType "swiss"]
[EventRounds "9"]
[EventCountry "ESP"]
[SourceTitle "EXT 2023"]
[Source "ChessBase"]
[SourceDate "2022.10.05"]
[SourceVersion "1"]
[SourceVersionDate "2022.10.05"]
[SourceQuality "1"]

1. e4 c5 2. Nc3 d6 3. d4 cxd4 4. Qxd4 Nc6 5. Qd2 g6 6. b3 Bg7 7. Bb2 Nf6 8. 0-0-0 0-0 9. Kb1 Qa5 10. f3 Be6 11. g4 Rac8 12. h4 h5 13. Nge2 hxg4 14. f4 Nh5 15. Bg2 Rfd8 16. f5 gxf5 17. Qg5 Nf6 18. Nd5 Kf8 19. Nef4 Ne5 20. Nxe6+ fxe6 21. Nxe7 Nh7 22. Qh5 Nf6 23. Qg5 Rc7 24. Bxe5 Rxc2 25. Kxc2 Qxa2+ 26. Bb2 Nh5 27. Qxg7+ Nxg7 28. Ra1 Qxa1 29. Rxa1 Nh5 30. Ng6+ Kf7 31. exf5 exf5 32. Nh8+ Ke7 33. Rxa7 f4 34. Rxb7+ Ke6 35. Ng6 f3 36. Bf1 g3 37. Bh3+ Kd5 38. Rb5+ Ke4 39. Rxh5 g2 40. Rg5 Rc8+ 41. Kd2 Rc5 42. Bxg2 fxg2 43. Rxg2 d5 44. h5 d4 45. Rg4+ Kf5 46. Rxd4 Kg5 47. Rh4 Kh6 48. Bd4 Rb5 49. Be3+ Kh7 50. b4 Rb7 51. Re4 Rc7 52. b5 Rb7 53. b6 Rb8 54. Ne7 Rd8+ 55. Bd4 Rd7 56. Nc6 Kg8 57. Re8+ Kf7 58. Re7+ Rxe7 59. Nxe7 1-0

[Event "Madrid-ch Previa-B"]
[Site "Madrid"]
[Date "2022.03.25"]
[Round "8"]
[White "Ruiz Vazquez, Javier"]
[Black "Santamaria Baeza, Adolfo"]
[Result "1-0"]
[WhiteElo "1725"]
[BlackElo "1875"]
[PlyCount "71"]
[EventDate "2022.03.03"]
[EventType "swiss"]
[EventRounds "9"]
[EventCountry "ESP"]
[SourceTitle "EXT 2023"]
[Source "ChessBase"]
[SourceDate "2022.10.05"]
[SourceVersion "1"]
[SourceVersionDate "2022.10.05"]
[SourceQuality "1"]

1. e4 e5 2. Bc4 Nc6 3. Nc3 Bc5 4. Qg4 g6 5. Qg3 d6 6. Nge2 Be6 7. Bxe6 fxe6 8. Na4 Bb6 9. Nxb6 axb6 10. 0-0 Nf6 11. d3 Nh5 12. Qg4 Qd7 13. Bg5 0-0 14. c3 Rf7 15. a4 Raf8 16. b4 Kg7 17. d4 exd4 18. b5 Ne5 19. Qh3 d3 20. Nd4 Re8 21. f4 c5 22. fxe5 cxd4 23. g4 h6 24. Rxf7+ Qxf7 25. Rf1 Qc7 26. Bc1 dxc3 27. Qxd3 Qc5+ 28. Be3 Qc7 29. exd6 Qd7 30. gxh5 e5 31. Bc1 Re6 32. Qf3 Qxd6 33. Qf7+ Kh8 34. Bxh6 Qd4+ 35. Kg2 Qxe4+ 36. Kg3 1-0

[Event "Madrid-ch Previa-B"]
[Site "Madrid"]
[Date "2022.03.19"]
[Round "7"]
[White "Lozano Freras, Sergio"]
[Black "Ruiz Vazquez, Javier"]
[Result "0-1"]
[WhiteElo "1990"]
[BlackElo "1725"]
[PlyCount "70"]
[EventDate "2022.03.03"]
[EventType "swiss"]
[EventRounds "9"]
[EventCountry "ESP"]
[SourceTitle "EXT 2023"]
[Source "ChessBase"]
[SourceDate "2022.10.05"]
[SourceVersion "1"]
[SourceVersionDate "2022.10.05"]
[SourceQuality "1"]

1. e4 c5 2. Nf3 d6 3. d4 cxd4 4. Nxd4 Nf6 5. Nc3 a6 6. Be3 e5 7. Nf3 b5 8. a4 b4 9. Nd5 Nbd7 10. Nxb4 Bb7 11. Bc4 Nxe4 12. 0-0 Be7 13. Bd5 Bxd5 14. Nxd5 0-0 15. a5 Nef6 16. Bb6 Nxb6 17. Nxb6 Ra7 18. c4 Re8 19. b4 d5 20. Nxd5 Nxd5 21. Qxd5 Qxd5 22. cxd5 Bxb4 23. Rfb1 Bc3 24. Ra3 Rc7 25. d6 Rc5 26. d7 Rd8 27. Rc1 Rxd7 28. Kf1 Rdc7 29. Rb3 f6 30. Rb6 e4 31. Ne1 Bxa5 32. Rxc5 Bxb6 33. Rd5 a5 34. Rb5 Rc6 35. Nc2 Bxf2 0-1

[Event "Madrid-ch Previa-B"]
[Site "Madrid"]
[Date "2022.03.04"]
[Round "2"]
[White "Torres Rebolledo, Victor"]
[Black "Ruiz Vazquez, Javier"]
[Result "1/2-1/2"]
[WhiteElo "1989"]
[BlackElo "1725"]
[PlyCount "147"]
[EventDate "2022.03.03"]
[EventType "swiss"]
[EventRounds "9"]
[EventCountry "ESP"]
[SourceTitle "EXT 2023"]
[Source "ChessBase"]
[SourceDate "2022.10.05"]
[SourceVersion "1"]
[SourceVersionDate "2022.10.05"]
[SourceQuality "1"]

1. d4 Nf6 2. c4 g6 3. Nc3 d5 4. cxd5 Nxd5 5. e4 Nxc3 6. bxc3 c5 7. Be3 Bg7 8. Qd2 Qa5 9. Nf3 Nc6 10. Rb1 a6 11. h4 b5 12. Be2 Bg4 13. e5 Rd8 14. d5 Nxe5 15. Nxe5 Bxe5 16. Rc1 Bxe2 17. Kxe2 Qa4 18. c4 bxc4 19. Qc2 Qxc2+ 20. Rxc2 c3 21. Rd1 Kd7 22. Bxc5 Rb8 23. Bd4 Bxd4 24. Rxd4 Rhc8 25. Ra4 Rb6 26. Kd3 Kd6 27. Ra5 Rc5 28. Rxc5 Kxc5 29. Kxc3 Kxd5 30. Rd2+ Kc5 31. Re2 Rc6 32. Kb3 e6 33. Rc2+ Kb6 34. Rd2 Kc7 35. g3 Rd6 36. Rc2+ Kb7 37. Re2 Rd5 38. Kc3 Kc6 39. Rb2 Rf5 40. Kd4 Rb5 41. Rc2+ Kd6 42. Ke4 f5+ 43. Ke3 e5 44. f3 Ra5 45. Rb2 Ra3+ 46. Kf2 Kc5 47. Rd2 h6 48. Re2 Kd4 49. Rd2+ Rd3 50. Rb2 a5 51. Ke2 e4 52. fxe4 fxe4 53. Kf2 Rf3+ 54. Kg2 Rf5 55. g4 Rf4 56. Kg3 Rf3+ 57. Kg2 Ra3 58. h5 gxh5 59. gxh5 Kc3 60. Rb6 Kd2 61. Rxh6 Rxa2 62. Re6 Ke3+ 63. Kg3 Ra1 64. h6 Rh1 65. Ra6 Rh5 66. Kg4 Rh1 67. Rxa5 Rxh6 68. Ra3+ Kd2 69. Ra2+ Kc3 70. Ra3+ Kb4 71. Re3 Re6 72. Kf5 Re8 73. Rxe4+ Rxe4 74. Kxe4 1/2-1/2

[Event "Alcorcon Diagonal op 1st"]
[Site "Alcorcon"]
[Date "2022.02.26"]
[Round "7"]
[White "Marin Lopez, Juan Jose"]
[Black "Ruiz Vazquez, Javier"]
[Result "0-1"]
[WhiteElo "1785"]
[BlackElo "1611"]
[PlyCount "62"]
[EventDate "2022.01.15"]
[EventType "swiss"]
[EventRounds "7"]
[EventCountry "ESP"]
[SourceTitle "EXT 2023"]
[Source "ChessBase"]
[SourceDate "2022.10.05"]
[SourceVersion "1"]
[SourceVersionDate "2022.10.05"]
[SourceQuality "1"]

1. b4 Nf6 2. Bb2 g6 3. Nf3 Bg7 4. c4 0-0 5. e3 a5 6. b5 d5 7. cxd5 Nxd5 8. Bxg7 Kxg7 9. Nc3 c6 10. Qb3 Nb4 11. d4 Be6 12. Qd1 f6 13. Be2 Qc7 14. 0-0 Rd8 15. a3 Nd5 16. Ne4 cxb5 17. Bxb5 Nc6 18. Rc1 Rac8 19. Nc5 Bf7 20. e4 Nb6 21. Qe2 Qb8 22. d5 Na7 23. Nd4 Kg8 24. Nde6 Bxe6 25. Nxe6 Rxc1 26. Rxc1 Rc8 27. Rd1 Qd6 28. a4 Nxb5 29. Qxb5 Qb4 30. g3 Qxa4 31. Rb1 Rc1+ 0-1

[Event "Alcorcon Diagonal op 1st"]
[Site "Alcorcon"]
[Date "2022.02.12"]
[Round "5"]
[White "Calvo Gutierrez, Hector"]
[Black "Ruiz Vazquez, Javier"]
[Result "0-1"]
[WhiteElo "1803"]
[BlackElo "1611"]
[PlyCount "78"]
[EventDate "2022.01.15"]
[EventType "swiss"]
[EventRounds "7"]
[EventCountry "ESP"]
[SourceTitle "EXT 2023"]
[Source "ChessBase"]
[SourceDate "2022.10.05"]
[SourceVersion "1"]
[SourceVersionDate "2022.10.05"]
[SourceQuality "1"]

1. d4 Nf6 2. c4 g6 3. Nc3 d5 4. Nf3 Bg7 5. g3 0-0 6. Bg2 dxc4 7. 0-0 c6 8. a4 Na6 9. e4 Qa5 10. Bd2 Qb6 11. Qe2 Bg4 12. Qxc4 Bxf3 13. Bxf3 Qxb2 14. Be3 Qb4 15. Qd3 Rfd8 16. Rfb1 Qa5 17. Qc4 Nd7 18. Rxb7 Nb6 19. Qb3 c5 20. Rxe7 c4 21. Qc2 Nb4 22. Qc1 Nc6 23. Rc7 Nxd4 24. Bxd4 Bxd4 25. Ra3 Bc5 26. Ra2 Rd3 27. Qf4 Rf8 28. Nb5 Nxa4 29. Rxc5 Qe1+ 30. Kg2 Nxc5 31. Rxa7 Ne6 32. Qf6 Rd2 33. Bg4 Qxe4+ 34. Kh3 h5 35. Bxe6 Qxe6+ 36. Qxe6 fxe6 37. f4 g5 38. Nc7 Rd7 39. fxg5 Rc8 0-1

[Event "Alcorcon Diagonal op 1st"]
[Site "Alcorcon"]
[Date "2022.01.29"]
[Round "3"]
[White "Prieto Redondo, Guillermo"]
[Black "Ruiz Vazquez, Javier"]
[Result "0-1"]
[WhiteElo "1795"]
[BlackElo "1611"]
[PlyCount "100"]
[EventDate "2022.01.15"]
[EventType "swiss"]
[EventRounds "7"]
[EventCountry "ESP"]
[SourceTitle "EXT 2023"]
[Source "ChessBase"]
[SourceDate "2022.10.05"]
[SourceVersion "1"]
[SourceVersionDate "2022.10.05"]
[SourceQuality "1"]

1. d4 Nf6 2. Bf4 g6 3. Nc3 d5 4. e3 Bg7 5. Be2 c6 6. h4 h6 7. Qd2 b5 8. Nf3 Nbd7 9. Ne5 Nxe5 10. Bxe5 0-0 11. h5 g5 12. f4 b4 13. Na4 Ne4 14. Bxg7 Nxd2 15. Bxf8 Qxf8 16. Kxd2 gxf4 17. exf4 Qg7 18. c3 Bg4 19. Rae1 bxc3+ 20. bxc3 Bxe2 21. Rxe2 Qg4 22. Rf1 Rb8 23. Ref2 Qg3 24. Kc2 Qg4 25. Nc5 Qf5+ 26. Nd3 c5 27. g4 Qxg4 28. Nxc5 Qf5+ 29. Nd3 Qd7 30. Nc5 Qb5 31. a4 Qc4 32. Rg1+ Kh8 33. Rfg2 a5 34. Ra1 f6 35. f5 Rc8 36. Rag1 Rb8 37. Ra1 Rg8 38. Rxg8+ Kxg8 39. Kd2 Kh8 40. Nd3 Qc8 41. Rf1 Qe8 42. Nf4 Qxa4 43. Ng6+ Kg7 44. Nxe7 Qa2+ 45. Ke3 Qc4 46. Rc1 a4 47. Ng6 a3 48. Nf4 a2 49. Nd3 Qb3 50. Rg1+ Kf7 0-1